| 000 | 00402nam a2200169Ia 4500 | ||
|---|---|---|---|
| 999 |
_c11947 _d11947 |
||
| 008 | 141014s9999||||xx |||||||||||||| ||und|| | ||
| 010 | _a11797 | ||
| 020 | _aS/ISBN | ||
| 040 | _aANE | ||
| 041 | _aEs | ||
| 082 | _a330.9 M539g | ||
| 100 | _aMendoza, Luis Anibal | ||
| 245 | _aGeo-Económia del Ecuador | ||
| 250 | _aS/E | ||
| 260 |
_aNueva Luz Guayaquil, Ecuador _cS/A |
||
| 300 |
_a357 _c20 cm |
||
| 650 | _aGeoeconomÃa | ||
| 942 |
_cBK _2ddc _zmbc |
||